Ocean / (Record no. 607)

MARC details
000 -LEADER
fixed length control field 00758nam a22002657a 4500
005 - DATE AND TIME OF LATEST TRANSACTION
control field 20230926102041.0
020 ## - INTERNATIONAL STANDARD BOOK NUMBER
International Standard Book Number 9781617418556
040 ## - CATALOGING SOURCE
Original cataloging agency FISKH
Language of cataloging eng
Transcribing agency FISKH
Modifying agency FISKH
050 ## - LIBRARY OF CONGRESS CALL NUMBER
Classification number QL121
082 ## - DEWEY DECIMAL CLASSIFICATION NUMBER
Classification number 591.77
100 ## - MAIN ENTRY--PERSONAL NAME
Personal name Reasoner, Charles.
Dates associated with a name 1949-
245 ## - TITLE STATEMENT
Title Ocean /
Statement of responsibility, etc. by Reasoner, Charles.
260 ## - PUBLICATION, DISTRIBUTION, ETC.
Place of publication, distribution, etc. Guangdong :
Name of publisher, distributor, etc. Power Printing ;
Date of publication, distribution, etc. 2012.
300 ## - PHYSICAL DESCRIPTION
Extent 8 unnumbered pages :
Other physical details Black & White illustrations ,
Dimensions 19 cm.
505 ## - FORMATTED CONTENTS NOTE
Formatted contents note H <br/>
520 ## - SUMMARY, ETC.
Summary, etc. Introduces a variety of ocean animals.
521 ## - TARGET AUDIENCE NOTE
Target audience note 480 <br/>
Source Lexile <br/>
521 ## - TARGET AUDIENCE NOTE
Target audience note H <br/>
Source Raz-Plus <br/>
650 ## - SUBJECT ADDED ENTRY--TOPICAL TERM
Source of heading or term Ocean
Topical term or geographic name entry element Ocean
Form subdivision Fictions.
650 ## - SUBJECT ADDED ENTRY--TOPICAL TERM
Topical term or geographic name entry element Board books.
650 ## - SUBJECT ADDED ENTRY--TOPICAL TERM
Topical term or geographic name entry element Animals.
Form subdivision Fictions.
650 ## - SUBJECT ADDED ENTRY--TOPICAL TERM
Topical term or geographic name entry element Animals.
Form subdivision Fiction.
General subdivision Infancy.
942 ## - ADDED ENTRY ELEMENTS (KOHA)
Source of classification or shelving scheme Dewey Decimal Classification
Koha item type Books
Suppress in OPAC No
999 ## -
-- 607
-- 607
Holdings
Withdrawn status Lost status Source of classification or shelving scheme Damaged status Not for loan Collection Home library Current library Shelving location Date acquired Total Checkouts Full call number Barcode Date last seen Date last checked out Price effective from Koha item type
    Dewey Decimal Classification     Non-Fiction Footprints International School Library Network Toul Kork Campus Footprints International School Library Network Toul Kork Campus TK Primary Library Room(4th Floor), Bookcase 1&2, Shelves 1-16, Dark Blue Books 06/26/2023 5 REA QL121 FISTK02846 04/23/2026 04/09/2026 06/26/2023 Books